000 00473nam a2200181Ia 4500
003 GCL
008 140319s9999 xx 000 0 eng d
040 _aGCL /
_cGCL
082 0 4 _a940.5318
_bB H
100 1 _aBURRIN, PHILIPPE
245 1 0 _aUITLER AND THE JEWS: THE GENESIS OF THE HOLOCOUST /
_cBURRIN, PHILIPPE
260 _a[S.N] :
_bEDWARD ARNOLD ،
_c1989
300 _a177 P
650 0 4 _aJEWS
650 0 4 _aHITLER, ADOLF
650 0 4 _aGENESIS
942 _2ddc
_cBK
999 _c23599
_d23599